00678 2200253 4500001002100000005001700021008004100038035002400079082001100103090001800114100001800132245003600150260004200186300002800228500002700256500001100283650002800294650003000322650002300352850001500375980001300390985000600403999001500409YOGYA-0209000003290420090227024727.0 ind  0010-020900000032904 a621.34 a621.34bMil B aMILEAF, Harry aBasic elektronicscHerry Mileaf aBombaybD.B. Temporevala & Coc[1974] a... volumebilusc23 cm aYang diterima : vol. 8 aIndeks aDasar-dasar elektronika aElektronika - Dasar-dasar aTeknik elektronika aYOPDYOG(B) a05-05-07 a1 ab000017613